000 00639nam a22001937a 4500
005 20231201170841.0
010 _aENG-138546
020 _a9789383450183
_c450.00
035 _aEN-122078
037 _aDBAD/PUB
082 _a629.222
_21
100 _aSharma, Abhishek
_959359
245 _aAutomobile Engineering/
_bBy Abhishek Sharma
250 _a1
260 _aNoida
_bVPS Engineering Impex Pvt Ltd
_c2016
270 _aA-8 Hosiery Complex, Phase II Extension
_bUttar Pradesh
_e201305
_mvps_8hc@yahoo.co.in
_k0120-4317109
_k01204253470
_l01204253478
300 _a154p.
_c23cm(pbk)
942 _2ddc
_cEN
_h629.222
_mSHA
999 _c199399
_d199399